Top des communes de France par lettre - Z - Statistiques

Statistiques générales
  • Ce quiz a été pris 37 fois
  • Le résultat moyen est 7 sur 9
Statistiques - réponses
Question Tuile Select % Correct
Sélectionnez les communes françaises de plus de 2.000 habitants commençant par "Z" ! Zagreb Non
100%
Sélectionnez les communes françaises de plus de 2.000 habitants commençant par "Z" ! Zanzibar Non
97%
Sélectionnez les communes françaises de plus de 2.000 habitants commençant par "Z" ! Zillisheim Oui
91%
Sélectionnez les communes françaises de plus de 2.000 habitants commençant par "Z" ! Zète-Peunque Non
88%
Sélectionnez les communes françaises de plus de 2.000 habitants commençant par "Z" ! Zoodvinsen Non
88%
Sélectionnez les communes françaises de plus de 2.000 habitants commençant par "Z" ! Zidan-le-Pied Non
75%
Sélectionnez les communes françaises de plus de 2.000 habitants commençant par "Z" ! Saint-Zacharie Non
72%
Sélectionnez les communes françaises de plus de 2.000 habitants commençant par "Z" ! Zomerec Non
63%
Sélectionnez les communes françaises de plus de 2.000 habitants commençant par "Z" ! Zonza Oui
53%
Aucun quiz correspondant
Distribution des résultats
% des personnes avec chaque résultat
Percentile par nombre de réponses
Votre historique - résultats
Vous n’avez pas pris ce quiz